Score 0/45 Timer 09:00
1 Play Today
% Correct
Terminator 2: Judgment Day
77.2%
There's Something About Mary
72.8%
Avatar
68.3%
Taken
67.6%
The Exorcist
65.6%
Inglourious Basterds
52.1%
A Nightmare on Elm Street
51.5%
Shrek
51.5%
Finding Nemo
49.4%
The Matrix
46.9%
Toy Story
43.6%
Die Hard
42.2%
Goodfellas
42.1%
Full Metal Jacket
41.3%
The Sandlot
41.1%
Saving Private Ryan
40.8%
300
38.4%
The Lion King
35.8%
Rocky IV
35.3%
Saw
34.2%
Psycho
33.4%
The Incredibles
31%
The Good, the Bad and the Ugly
31%
% Correct
Wedding Crashers
30.9%
Blade Runner
28%
Unforgiven
28%
Happy Gilmore
27.4%
Cool Runnings
27.2%
Inception
25.4%
Django Unchained
25.1%
Con Air
22.8%
Tombstone
22.6%
As Good as It Gets
22.1%
Reservoir Dogs
19.6%
Face/Off
16.8%
Pretty Woman
16.4%
Braveheart
15.6%
500 Days of Summer
14.8%
Fargo
14.2%
The Replacements
13.4%
Commando
12.4%
Snatch
11.5%
Once Upon a Time in the West
8.1%
Leon
6.4%
Session 9
1.6%

You're not logged in!

Compare scores with friends on all Sporcle quizzes.
OR
Log In

Sporcle TV

Today on Sporcle TV


Watch our educational content, quiz creation guides, and fun videos on Sporcle TV.

Show Comments

Extras

Top Quizzes Today


Score Distribution

Paid Content

Your Account Isn't Verified!

In order to create a playlist on Sporcle, you need to verify the email address you used during registration. Go to your Sporcle Settings to finish the process.

Report this User

Report this user for behavior that violates our Community Guidelines.

Details: